书目信息 |
| 题名: |
矿山测量实训指导与习题
|
|
| 作者: | 李长青 , 崔有祯 主编 | |
| 分册: | ||
| 出版信息: | 北京 测绘出版社 2022.08 |
|
| 页数: | 88页 | |
| 开本: | 26cm | |
| 丛书名: | 工程测量技术专业核心课程项目教学教材 | |
| 单 册: | ||
| 中图分类: | TD17 | |
| 科图分类: | ||
| 主题词: | 矿山测量--kuang shan ce liang--高等职业教育--教学参考资料 | |
| 电子资源: | ||
| ISBN: | 978-7-5030-4443-4 | |
| 000 | 01379nam 2200301 450 | |
| 001 | 94911 | |
| 005 | 20250821081007.82 | |
| 010 | @a978-7-5030-4443-4@dCNY25.00 | |
| 100 | @a20221031d2022 em y0chiy50 ea | |
| 101 | 0 | @achi |
| 102 | @aCN@b110000 | |
| 105 | @aak a 000yy | |
| 106 | @ar | |
| 200 | 1 | @a矿山测量实训指导与习题@Akuang shan ce liang shi xun zhi dao yu xi ti@d= Training guide and exercises for mine survey@f李长青, 崔有祯主编@zeng |
| 210 | @a北京@c测绘出版社@d2022.08 | |
| 215 | @a88页@c图@d26cm | |
| 225 | 2 | @a工程测量技术专业核心课程项目教学教材@Agong cheng ce liang ji shu zhuan ye he xin ke cheng xiang mu jiao xue jiao cai |
| 300 | @a国家示范性高等职业院校建设项目 | |
| 320 | @a有书目 | |
| 330 | @a本书为高等职业院校矿山测量专业和工程测量技术专业的项目教学教材, 以任务驱动、学训一体作为教学设计的基础, 重点培养学生在矿山测量职业环境中完成工作任务的能力和素质。主要内容包括井下平面控制测量、建立井下高程控制系统、矿井联系测量、矿井联系测量、贯通测量、绘制矿图等6个学习情境。 | |
| 410 | 0 | @12001 @a工程测量技术专业核心课程项目教学教材 |
| 510 | 1 | @aTraining guide and exercises for mine survey@zeng |
| 606 | 0 | @a矿山测量@Akuang shan ce liang@x高等职业教育@j教学参考资料 |
| 690 | @aTD17@v5 | |
| 701 | 0 | @a李长青@Ali chang qing@4主编 |
| 701 | 0 | @a崔有祯@Acui you zhen@4主编 |
| 801 | 0 | @aCN@c20250909 |
| 905 | @a河南城建学院图书馆@dTD17@eL130 | |
| 矿山测量实训指导与习题= Training guide and exercises for mine survey/李长青, 崔有祯主编.-北京:测绘出版社,2022.08 |
| 88页:图;26cm.-(工程测量技术专业核心课程项目教学教材) |
| 国家示范性高等职业院校建设项目 |
| ISBN 978-7-5030-4443-4:CNY25.00 |
| 本书为高等职业院校矿山测量专业和工程测量技术专业的项目教学教材, 以任务驱动、学训一体作为教学设计的基础, 重点培养学生在矿山测量职业环境中完成工作任务的能力和素质。主要内容包括井下平面控制测量、建立井下高程控制系统、矿井联系测量、矿井联系测量、贯通测量、绘制矿图等6个学习情境。 |
| ● |
| 相关链接 |
|
|
|
正题名:矿山测量实训指导与习题
索取号:TD17/L130
 
预约/预借
| 序号 | 登录号 | 条形码 | 馆藏地/架位号 | 状态 | 备注 |
| 1 | 1630532 | 216305326 | 自科库501/501自科库 20排4列3层/ [索取号:TD17/L130] | 在馆 |